Healing psychiatry (Record no. 138032)
[ view plain ]
| 000 -LEADER | |
|---|---|
| fixed length control field | 01415nam a22003854a 4500 |
| 082 04 - DEWEY DECIMAL CLASSIFICATION NUMBER | |
| Classification number | 174.2/9689 |
| 100 1# - MAIN ENTRY--AUTHOR NAME | |
| Personal name | Brendel, David H. |
| 245 10 - TITLE STATEMENT | |
| Title | Healing psychiatry |
| 260 ## - PUBLICATION, DISTRIBUTION, ETC. (IMPRINT) | |
| Place of publication | Cambridge, Mass. : |
| Name of publisher | MIT Press, |
| Year of publication | c2006. |
| 300 ## - PHYSICAL DESCRIPTION | |
| Number of Pages | xxii, 178 p. |
| 490 1# - SERIES STATEMENT | |
| Series statement | Basic bioethics |
| 650 #0 - SUBJECT ADDED ENTRY--TOPICAL TERM | |
| Topical Term | Psychiatry |
| Topical Term | Psychiatry |
| Topical Term | Psychiatric ethics. |
| Topical Term | Social psychiatry. |
| 856 40 - ELECTRONIC LOCATION AND ACCESS | |
| Uniform Resource Identifier | http://site.ebrary.com/lib/rucke/Doc?id=10173550 |
No items available.
